Statistics for Flags of each continent

Click here to take the quiz!

General Stats

  • This quiz has been taken 29 times
  • The average score is 40 of 45

Answer Stats

QuestionTileSelect% Correct
African FlagsNo
100%
Asian FlagsYes
100%
South American FlagsYes
100%
North American FlagsNo
100%
North American FlagsNo
100%
North American FlagsYes
100%
North American FlagsNo
100%
African FlagsNo
100%
African FlagsYes
100%
South American FlagsNo
100%
African FlagsNo
100%
African FlagsYes
100%
Asian FlagsNo
100%
South American FlagsNo
100%
European FlagsNo
100%
European FlagsYes
100%
European FlagsYes
100%
European FlagsNo
100%
South American FlagsNo
100%
Asian FlagsNo
100%
Asian FlagsYes
96%
South American FlagsYes
96%
North American FlagsYes
96%
European FlagsYes
96%
South American FlagsYes
96%
North American FlagsYes
96%
Asian FlagsYes
96%
African FlagsNo
96%
African FlagsYes
96%
Asian FlagsNo
96%
North American FlagsYes
92%
African FlagsYes
92%
Asian FlagsNo
92%
Asian FlagsYes
92%
South American FlagsYes
88%
European FlagsYes
88%
North American FlagsNo
84%
European FlagsYes
80%
South American FlagsYes
80%
North American FlagsYes
68%
European FlagsYes
60%
African FlagsYes
60%
European FlagsNo
60%
Asian FlagsYes
52%
South American FlagsYes
0%

Score Distribution

Percentile by Number Answered

Percent of People with Each Score

Your Score History

You have not taken this quiz